Rekordy Świata w Skokach Narciarskich - Statystyki

Ogólne statystyki
  • Ten quiz został rozwiązany 820 razy
  • Średni wynik to 8 z 16
Statystyki odpowiedzi
data i kraj Długość Odpowiedź % Poprawnych
18.03.2017 Austria 253,5 Stefan Kraft
96%
14.02.2015 Słowenia 250,0 Peter Prevc
88%
18.03.2017 Norwegia 252,0 Robert Johansson
84%
20.03.2003 Polska 225,0 Adam Małysz
83%
15.02.2015 Norwegia 251,5 Anders Fannemel
65%
20.03.2005 Norwegia 234,5 Bjorn Einar Romoren
39%
20.03.2005 Norwegia 239,0 Bjorn Einar Romoren
39%
11.02.2011 Norwegia 243,0 Johan Remen Evensen
39%
11.02.2011 Norwegia 246,5 Johan Remen Evensen
39%
18.03.2000 Austria 225,0 Andreas Goldberger
37%
20.03.2003 Finlandia 227,5 Matti Hautamaki
37%
22.03.2003 Finlandia 228,5 Matti Hautamaki
37%
23.03.2003 Finlandia 231,0 Matti Hautamaki
37%
20.03.2005 Finlandia 235,5 Matti Hautamaki
37%
20.03.2005 Norwegia 231,0 Tommy Ingebrigtsen
13%
16.03.2000 Austria 224,5 Thomas Horl
9%
Nie znaleziono quizów pasujących do podanych kryteriów
Rozkład punktacji
Procent ludzi z każdym wynikiem
Percentyl według liczby udzielonych odpowiedzi
Twoja historia wyników
Nie rozwiązałeś tego quizu